| 000 | 00429nam a2200181Ia 4500 | ||
|---|---|---|---|
| 008 | 210210b1920 xxu||||| |||| 00| 0 eng d | ||
| 041 | _aeng | ||
| 082 | _a822/340 | ||
| 100 | _aCROSSLEY (Hastings) | ||
| 245 | _aGolden sayings of epictetus | ||
| 260 |
_aLondon _bMacmillan & Co. Ltd. _c1920 |
||
| 650 | _asayings | ||
| 650 | _aof | ||
| 650 | _aGolden | ||
| 650 | _aepictetus | ||
| 690 | _aEnglish Prose | ||
| 906 | _a012526 | ||
| 999 |
_c131332 _d131332 |
||